[Event "VIE-chB"]
[Site "Ba Dinh"]
[Date "2018.12.02"]
[Round "7"]
[White "Nguyen, Huu Hoang Anh"]
[Black "Nguyen, Thanh Lam"]
[Result "1/2-1/2"]
[WhiteElo "1978"]
[BlackElo "1707"]
[PlyCount "88"]
[EventDate "2018.11.28"]
[EventType "swiss"]
[EventRounds "9"]
[EventCountry "VIE"]
[SourceTitle "EXT 2021"]
[Source "ChessBase"]
[SourceDate "2020.10.23"]
[SourceVersion "1"]
[SourceVersionDate "2020.10.23"]
[SourceQuality "1"]

1. e4 c5 2. Nf3 Nc6 3. d4 cxd4 4. Nxd4 Nf6 5. Nc3 d6 6. Bg5 e5 7. Ndb5 a6 8. Bxf6 gxf6 9. Na3 Be6 10. Be2 Rg8 11. g3 Nd4 12. 0-0 Rc8 13. Nd5 f5 14. c3 fxe4 15. cxd4 Bxd5 16. dxe5 dxe5 17. Rc1 Bc5 18. b4 Bd4 19. Nc4 Rc6 20. Ne3 Rcg6 21. Nxd5 Qxd5 22. Rc8+ Kd7 23. Rxg8 Rxg8 24. Bg4+ Kc7 25. Bf5 e3 26. Qc1+ Kb8 27. fxe3 Bb6 28. Bh3 Qd3 29. Kh1 Bxe3 30. Qb2 Bd4 31. Qg2 Qc4 32. Qe4 Rg6 33. Bg2 Rb6 34. a3 h6 35. Qh7 Qa2 36. Qxf7 Qxf7 37. Rxf7 Bb2 38. Rf3 Rd6 39. h4 Rd1+ 40. Kh2 Ra1 41. b5 axb5 42. Rf7 Rxa3 43. Rxb7+ Kc8 44. Rxb5 Bd4 1/2-1/2

[Event "VIE-ch U20"]
[Site "Hai Phong"]
[Date "2018.07.11"]
[Round "5"]
[White "Nguyen, Tri Thien"]
[Black "Nguyen, Thanh Lam"]
[Result "1/2-1/2"]
[WhiteElo "1740"]
[BlackElo "1733"]
[PlyCount "34"]
[EventDate "2018.07.07"]
[EventType "swiss"]
[EventRounds "7"]
[EventCountry "VIE"]
[SourceTitle "EXT 2019"]
[Source "ChessBase"]
[SourceDate "2018.10.10"]
[SourceVersion "1"]
[SourceVersionDate "2018.10.10"]
[SourceQuality "1"]

1. e4 c5 2. Nf3 d6 3. d4 cxd4 4. Nxd4 Nf6 5. Nc3 g6 6. Be3 Bg7 7. Be2 0-0 8. 0-0 Nc6 9. Kh1 Bd7 10. f4 Rc8 11. Bf3 a6 12. h3 b5 13. Nce2 Na5 14. Bg1 e5 15. fxe5 dxe5 16. Nb3 Nc4 17. Qc1 Qe7 1/2-1/2

[Event "Hanoi HD Bank op-B 8th"]
[Site "Hanoi"]
[Date "2018.03.12"]
[Round "5"]
[White "Concio, Michael Jr"]
[Black "Nguyen, Thanh Lam"]
[Result "1/2-1/2"]
[WhiteElo "1902"]
[BlackElo "1655"]
[PlyCount "60"]
[EventDate "2018.03.10"]
[EventType "swiss"]
[EventRounds "9"]
[EventCountry "VIE"]
[SourceTitle "CBM 183 Extra"]
[Source "ChessBase"]
[SourceDate "2018.04.19"]
[SourceVersion "1"]
[SourceVersionDate "2018.04.19"]
[SourceQuality "1"]

1. e4 d6 2. Nc3 g6 3. g3 Bg7 4. Nge2 e5 5. Bg2 Nc6 6. d3 Nf6 7. h3 h6 8. Be3 Be6 9. 0-0 a6 10. d4 Bc4 11. d5 Ne7 12. b3 Bxe2 13. Nxe2 0-0 14. Qd2 Kh7 15. c4 Nd7 16. Rac1 f5 17. f3 g5 18. f4 gxf4 19. gxf4 Ng6 20. fxe5 Nh4 21. Ng3 Nxg2 22. Qxg2 Rg8 23. Qc2 Kh8 24. Kh1 fxe4 25. Bf4 Qh4 26. Qh2 Bxe5 27. Ne2 Raf8 28. Rg1 Qh5 29. Rxg8+ Rxg8 30. Rg1 Bxf4 1/2-1/2

[Event "Hanoi HD Bank op-B 8th"]
[Site "Hanoi"]
[Date "2018.03.11"]
[Round "3"]
[White "Nguyen, Dinh Trung"]
[Black "Nguyen, Thanh Lam"]
[Result "1-0"]
[WhiteElo "1891"]
[BlackElo "1655"]
[PlyCount "61"]
[EventDate "2018.03.10"]
[EventType "swiss"]
[EventRounds "9"]
[EventCountry "VIE"]
[SourceTitle "CBM 183 Extra"]
[Source "ChessBase"]
[SourceDate "2018.04.19"]
[SourceVersion "1"]
[SourceVersionDate "2018.04.19"]
[SourceQuality "1"]

1. Nf3 Nf6 2. g3 d6 3. d4 g6 4. Bg2 Bg7 5. 0-0 0-0 6. c4 c6 7. Nc3 Qc7 8. b3 e5 9. dxe5 dxe5 10. e4 Re8 11. Qc2 Bg4 12. Ba3 Nbd7 13. Rad1 Rad8 14. Bd6 Qc8 15. c5 Bf8 16. b4 Bxd6 17. Rxd6 Kg7 18. Rfd1 Bxf3 19. Bxf3 Nf8 20. Qa4 Rxd6 21. Rxd6 a6 22. Bg2 Ne6 23. Qd1 Nd4 24. f4 Nb5 25. Nxb5 axb5 26. Qa1 Qg4 27. fxe5 Ng8 28. Kf2 Qg5 29. e6+ Nf6 30. h4 Qg4 31. e7 1-0